Every Mythic Item In Fortnite As Of June 29, 2020 - Statistics

General Stats
  • This quiz has been taken 57 times
  • The average score is 8 of 15
Answer Stats
Answer % Correct
Midas' Drum Gun
85%
Brutus' Minigun
83%
Meowscles' Heavy Assault Rifle
72%
Skye's Assault Rifle
72%
TnTina's Ka-Boom Bow
67%
Skye's Grappler
61%
Kit's Charge Shotgun
59%
Jules' Drum Gun
48%
Deadpool's Hand Cannons
46%
Ocean's Burst Assault Rifle
43%
Kit's Shockwave Launcher
39%
Oceans's Bottomless Chug Jug
37%
Infinity Blade
30%
Jules' Glider Gun
28%
Mythic Goldfish
11%
No matching quizzes found
Score Distribution
Percent of People with Each Score
Percentile by Number Answered
Your Score History
You have not taken this quiz